| 000 | 01015nam0a22002531 4500 | ||
|---|---|---|---|
| 001 | v19\rc\1381129 | ||
| 005 | 20260407083248.0 | ||
| 035 | _a(NLR Aleph) 004516160 | ||
| 090 |
_a4819200 _c4819200 |
||
| 100 | _a20060512d1869 |||y0rusy50 ca | ||
| 101 | 1 |
_arus _cgre |
|
| 102 | _aRU | ||
| 105 | _ay z ||||| | ||
| 200 | 1 |
_aАпокрисис Христофора Филалета, вновь изданный в память юбилея Киевской духовной академии 28 сентября 1869 года _e[В пер. на рус. яз. _eС прил.] |
|
| 210 |
_aКиев _cтип. Губ. упр. _d1869 |
||
| 215 | _a[2], 480 с. | ||
| 316 |
_aЭкз. РНБ (18.64.5.20): деф.: нет конца _5NLR: 18.64.5.20 |
||
| 700 | 0 |
_aХристофор Филалет _f16 в. |
|
| 712 | 0 | 2 |
_aКиевская духовная академия _3RU\NLR\AUTH\8810070 _9292683 |
| 801 | 0 |
_aRU _bNLR _gpsbo |
|
| 801 | 1 |
_aRU _bProSoft-M _2rusmarc |
|
| 852 |
_aNLR _j18.64.5.20 |
||
| 942 | _cBOOK | ||
| 980 | _aNB | ||